[Event "World Rapid 2015"]
[Site "Berlin GER"]
[Date "2015.10.11"]
[Round "9.58"]
[White "Wagner, Dennis"]
[Black "Eljanov, Pavel"]
[Result "1/2-1/2"]
[WhiteElo "2575"]
[BlackElo "2717"]
[PlyCount "159"]
[EventDate "2015.10.10"]
[EventType "rapid"]

1. d4 Nf6 2. c4 e6 3. Nf3 b6 4. g3 Bb7 5. Bg2 Be7 6. O-O O-O 7. Re1 Na6 8. Nc3
Ne4 9. Bf4 d6 10. Qc2 Nb4 11. Qa4 Nxc3 12. bxc3 Nc6 13. Nd2 Qe8 14. e4 Na5 15.
Qc2 c5 16. d5 e5 17. Be3 Bc8 18. f4 Bf6 19. f5 Qe7 20. h4 Bd7 21. a4 a6 22. Bf1
Rfb8 23. Reb1 Qe8 24. Rb2 Kh8 25. Nf3 Bd8 26. g4 Rb7 27. g5 f6 28. Be2 Rab8 29.
Rba2 b5 30. axb5 axb5 31. Rxa5 Bxa5 32. Rxa5 bxc4 33. Bc1 Qh5 34. Ra6 Qg4+ 35.
Kf2 Bxf5 36. exf5 e4 37. Ng1 Qxh4+ 38. Kg2 fxg5 39. Rxd6 Rf7 40. Be3 Rxf5 41.
Re6 Rbf8 42. Bd1 g4 43. Rxe4 Rh5 44. Bf4 Qh1+ 45. Kf1 Rh2 46. Re8 Rxe8 47. Qxh2
Qxd5 48. Bc2 h5 49. Bg6 Qd1+ 50. Kg2 Re2+ 51. Nxe2 Qxe2+ 52. Kg3 Qe1+ 53. Qf2
h4+ 54. Kg2 h3+ 55. Kg3 Qe6 56. Bh5 Qf6 57. Qe3 h2 58. Qe8+ Kh7 59. Qe4+ Kh8
60. Qe8+ Kh7 61. Qe4+ Kh8 62. Kxh2 Qh4+ 63. Kg1 Qxh5 64. Qh1 g6 65. Be3 Kg7 66.
Qxh5 gxh5 67. Kg2 h4 68. Bg5 h3+ 69. Kg3 Kg6 70. Be7 Kf5 71. Bd6 Ke4 72. Bxc5
Kd3 73. Bd4 Kc2 74. Be5 Kd3 75. Kf2 Kd2 76. Kg3 Kd3 77. Bf6 Kd2 78. Be5 Kd3 79.
Kxg4 h2 80. Bxh2 1/2-1/2

[Event "World Rapid 2015"]
[Site "Berlin GER"]
[Date "2015.10.11"]
[Round "9.59"]
[White "Borisek, Jure"]
[Black "Stefansson, Hannes"]
[Result "1-0"]
[WhiteElo "2565"]
[BlackElo "2602"]
[PlyCount "113"]
[EventDate "2015.10.10"]
[EventType "rapid"]

1. e4 e5 2. Nf3 Nc6 3. Bb5 a6 4. Ba4 Nf6 5. O-O Be7 6. Re1 b5 7. Bb3 d6 8. c3
O-O 9. h3 Bb7 10. d4 Re8 11. Nbd2 exd4 12. cxd4 Na5 13. Bc2 Nd7 14. Nf1 Bf6 15.
Ng3 g6 16. b3 c5 17. Bb2 Nc6 18. Rc1 cxd4 19. Qd2 Qb6 20. Rcd1 Nc5 21. Nxd4 Ne6
22. Nxe6 Bxb2 23. Nf4 Be5 24. Nd5 Qd8 25. Ne2 Rc8 26. b4 Bg7 27. f4 Ne7 28. Ne3
Qb6 29. Kh1 d5 30. e5 f6 31. exf6 Qxf6 32. Bb3 Kh8 33. Ng4 Qh4 34. Nd4 Ng8 35.
Ne5 Re7 36. Ne6 Bf6 37. Nc5 Ba8 38. Ned7 Rxe1+ 39. Rxe1 Bg7 40. Nb6 Rb8 41.
Nxa8 Rxa8 42. Ne6 Bf6 43. Bxd5 Re8 44. Re2 Ne7 45. Be4 Rc8 46. Kh2 Bc3 47. Qd7
Qf6 48. Rc2 Rc4 49. Bd3 Rc8 50. g3 Rg8 51. Ng5 Bxb4 52. Re2 Qb6 53. h4 Qf6 54.
Bc2 h6 55. Nf3 Qc3 56. Ne5 Qc8 57. Qd4 1-0

[Event "World Rapid 2015"]
[Site "Berlin GER"]
[Date "2015.10.11"]
[Round "9.60"]
[White "Vovk, Yuri"]
[Black "Schneider, Ilja"]
[Result "0-1"]
[WhiteElo "2617"]
[BlackElo "2481"]
[PlyCount "92"]
[EventDate "2015.10.10"]
[EventType "rapid"]

1. d4 d5 2. c4 c6 3. Nf3 Nf6 4. Nc3 a6 5. e3 Bf5 6. Bd3 Bxd3 7. Qxd3 e6 8. O-O
Bb4 9. Bd2 O-O 10. a3 Bxc3 11. Bxc3 Ne4 12. Bb4 Re8 13. Rfc1 a5 14. Be1 a4 15.
b4 Nd6 16. Nd2 b5 17. c5 Nf5 18. f3 Nd7 19. Bf2 Ne7 20. Nb1 e5 21. Nc3 exd4 22.
exd4 Ng6 23. Qf5 Nf6 24. g4 h5 25. gxh5 Ne7 26. Qg5 Nh7 27. Qh4 Nf5 28. Qg4 Nh6
29. Qg2 Qg5 30. Qxg5 Nxg5 31. Kg2 Nf5 32. Re1 Ne6 33. Ne2 Kh7 34. Rad1 Kh6 35.
Ng3 Nh4+ 36. Kh1 Nxf3 37. Be3+ Kh7 38. Rf1 Nh4 39. Rxf7 Nd8 40. Rf4 Rxe3 41.
Rxh4 Rxa3 42. Nf5 Rf3 43. Ne7 a3 44. Kg2 Rb3 45. Rf1 a2 46. h6 g5 0-1

[Event "World Rapid 2015"]
[Site "Berlin GER"]
[Date "2015.10.11"]
[Round "9.61"]
[White "Hirneise, Tobias"]
[Black "Bluebaum, Matthias"]
[Result "0-1"]
[WhiteElo "2457"]
[BlackElo "2588"]
[PlyCount "146"]
[EventDate "2015.10.10"]
[EventType "rapid"]

1. e4 e6 2. d4 d5 3. Nc3 Nf6 4. Bg5 dxe4 5. Nxe4 Be7 6. Bxf6 gxf6 7. Nf3 f5 8.
Nc3 a6 9. g3 b5 10. Bg2 Bb7 11. O-O c5 12. dxc5 Bxc5 13. Qxd8+ Kxd8 14. Rad1+
Ke7 15. Ne5 Bxg2 16. Kxg2 Rc8 17. Ne2 Nc6 18. Nxc6+ Rxc6 19. c3 b4 20. cxb4
Bxb4 21. Rc1 Rac8 22. Rxc6 Rxc6 23. Rc1 Rd6 24. Rc4 Ba5 25. Rd4 Rb6 26. Ra4 Bd2
27. b3 a5 28. Rd4 Bb4 29. Rh4 Rd6 30. Rd4 Rc6 31. Nf4 Rc2 32. Nd3 Bd6 33. Ra4
Rd2 34. Nf4 Bc7 35. Kf1 Bb6 36. Ne2 Rb2 37. h3 e5 38. f4 f6 39. g4 Ke6 40. fxe5
fxe5 41. gxf5+ Kxf5 42. Ng3+ Ke6 43. Ne4 h6 44. Ke1 Rh2 45. b4 axb4 46. Ra6 Kd5
47. Rxb6 Kxe4 48. Rxb4+ Kf3 49. Rb3+ Kf4 50. a3 e4 51. Kf1 h5 52. Kg1 Ra2 53.
Kf1 h4 54. Rc3 e3 55. Rc8 Kg3 56. Re8 Rxa3 57. Rg8+ Kxh3 58. Ke2 Kh2 59. Rh8 h3
60. Rg8 Rb3 61. Rg7 Kh1 62. Rg8 h2 63. Rg7 Rb1 64. Kf3 Rf1+ 65. Kxe3 Rg1 66.
Rh7 Kg2 67. Rg7+ Kf1 68. Rf7+ Ke1 69. Ra7 Rg3+ 70. Kf4 Rf3+ 71. Kg4 Rf1 72.
Ra1+ Kf2 73. Ra2+ Kg1 0-1

[Event "World Rapid 2015"]
[Site "Berlin GER"]
[Date "2015.10.11"]
[Round "9.62"]
[White "Olafsson, Helgi"]
[Black "Krnan, Tomas"]
[Result "1/2-1/2"]
[WhiteElo "2549"]
[BlackElo "2440"]
[PlyCount "38"]
[EventDate "2015.10.10"]
[EventType "rapid"]

1. c4 Nf6 2. Nc3 e5 3. Nf3 Nc6 4. e3 Bb4 5. Nd5 Bc5 6. d4 exd4 7. exd4 Nxd5 8.
dxc5 Qe7+ 9. Be2 Nf6 10. Bf4 Qxc5 11. Bxc7 Qb4+ 12. Nd2 O-O 13. O-O Qxb2 14.
Nb3 d5 15. cxd5 Nxd5 16. Rb1 Qxa2 17. Ra1 Qb2 18. Rb1 Qa2 19. Ra1 Qb2 1/2-1/2

[Event "World Rapid 2015"]
[Site "Berlin GER"]
[Date "2015.10.11"]
[Round "9.63"]
[White "Carow, Johannes"]
[Black "Stern, Rene"]
[Result "1/2-1/2"]
[WhiteElo "2431"]
[BlackElo "2538"]
[PlyCount "124"]
[EventDate "2015.10.10"]
[EventType "rapid"]

1. d4 Nf6 2. Bg5 e6 3. Nd2 h6 4. Bh4 c5 5. e4 cxd4 6. e5 g5 7. Bg3 Nd5 8. h4
gxh4 9. Rxh4 Nc6 10. Ngf3 d6 11. Bb5 dxe5 12. Nxe5 Bd7 13. Nxd7 Qxd7 14. Nc4
Bg7 15. Be5 Bxe5 16. Nxe5 Qc7 17. Bxc6+ bxc6 18. Qxd4 O-O-O 19. Nd3 Qa5+ 20.
Kf1 Nb6 21. Qb4 Qd5 22. a4 Rhg8 23. g3 Qf3 24. Qf4 Qxf4 25. Rxf4 f5 26. a5 Nd5
27. Rc4 Kc7 28. Ne5 Ne7 29. b4 Rd5 30. Re1 h5 31. Nd3 Rg6 32. Nf4 Kd6 33. Nxd5
Nxd5 34. Rh4 Rg5 35. Rd1 Kc7 36. Kg2 f4 37. Kf3 fxg3 38. fxg3 Rf5+ 39. Ke2 Nc3+
40. Kd2 Nxd1 41. Kxd1 a6 42. Kd2 c5 43. c3 cxb4 44. cxb4 Kc6 45. g4 hxg4 46.
Rxg4 Kb5 47. Kc3 Rf3+ 48. Kc2 Re3 49. Kd2 Rb3 50. Re4 Rxb4 51. Rxe6 Rc4 52.
Re5+ Kb4 53. Kd3 Rc8 54. Rd5 Rc3+ 55. Kd2 Ra3 56. Kc2 Rh3 57. Kb2 Rh2+ 58. Kb1
Kb3 59. Rd3+ Kc4 60. Rd6 Kb5 61. Rd5+ Kb4 62. Kc1 Rg2 1/2-1/2

[Event "World Rapid 2015"]
[Site "Berlin GER"]
[Date "2015.10.11"]
[Round "9.64"]
[White "Mikhalevski, Victor"]
[Black "Gutov, Andrey"]
[Result "1-0"]
[WhiteElo "2536"]
[BlackElo "2384"]
[PlyCount "25"]
[EventDate "2015.10.10"]
[EventType "rapid"]

1. c4 e6 2. Nf3 d5 3. g3 Nf6 4. Bg2 dxc4 5. Na3 Bxa3 6. bxa3 O-O 7. Qc2 b5 8.
Bb2 Bb7 9. Ng5 Nbd7 10. Bxb7 Rb8 11. Bc6 h6 12. h4 g6 13. Nxe6 1-0

[Event "World Rapid 2015"]
[Site "Berlin GER"]
[Date "2015.10.11"]
[Round "9.65"]
[White "Polzin, Rainer"]
[Black "Papin, Vasily"]
[Result "0-1"]
[WhiteElo "2416"]
[BlackElo "2502"]
[PlyCount "78"]
[EventDate "2015.10.10"]
[EventType "rapid"]

1. e4 c5 2. Nf3 e6 3. d4 cxd4 4. Nxd4 a6 5. Nc3 Qc7 6. Be2 b5 7. O-O Bb7 8. Re1
Nc6 9. Nxc6 dxc6 10. e5 Rd8 11. Bd3 c5 12. Qe2 Ne7 13. a4 b4 14. Ne4 Qc6 15.
Bg5 Rd5 16. Rad1 h6 17. Bf6 Nf5 18. c3 bxc3 19. bxc3 Be7 20. Bc4 Rxd1 21. Qxd1
gxf6 22. exf6 Bd8 23. Qh5 Kf8 24. f3 Qc7 25. Ng5 Bxf6 26. Nxe6+ fxe6 27. Rxe6
Qf7 28. Qxf7+ Kxf7 29. Rb6+ Kg6 30. Rxb7 Bxc3 31. Bxa6 Bd4+ 32. Kf1 Ne3+ 33.
Ke2 Nxg2 34. Kd3 Ne1+ 35. Kc4 Nxf3 36. Bb5 Ra8 37. h3 h5 38. Re7 Ne5+ 39. Kb3
h4 0-1

[Event "World Rapid 2015"]
[Site "Berlin GER"]
[Date "2015.10.11"]
[Round "9.66"]
[White "Al-Sayed, Mohammed"]
[Black "Valdes Romero, Leonardo"]
[Result "1-0"]
[WhiteElo "2520"]
[BlackElo "2362"]
[PlyCount "79"]
[EventDate "2015.10.10"]
[EventType "rapid"]

1. d4 Nf6 2. c4 g6 3. Nc3 Bg7 4. e4 d6 5. Nf3 O-O 6. Be2 e5 7. O-O Nc6 8. d5
Ne7 9. b4 a5 10. Ba3 Nd7 11. bxa5 Rxa5 12. Bb4 Ra8 13. a4 Bh6 14. a5 f5 15. Bd3
Nf6 16. c5 fxe4 17. Nxe4 Nxe4 18. Bxe4 Bf5 19. Re1 Bxe4 20. Rxe4 Rf4 21. Rxf4
Bxf4 22. Qb3 Nf5 23. c6 bxc6 24. dxc6+ Kh8 25. Bc3 Ne7 26. a6 Nxc6 27. Qc4 Nd4
28. Bxd4 exd4 29. Qxd4+ Be5 30. Nxe5 dxe5 31. Qxe5+ Kg8 32. h4 Qd6 33. Qxd6
cxd6 34. a7 Kf7 35. Kf1 Ke6 36. Ke2 Kf5 37. Kd3 Kg4 38. Ra4+ Kh5 39. g3 h6 40.
f3 1-0

[Event "World Rapid 2015"]
[Site "Berlin GER"]
[Date "2015.10.11"]
[Round "9.67"]
[White "Ben Artzi, Ido"]
[Black "Munoz Pantoja, Miguel"]
[Result "0-1"]
[WhiteElo "2419"]
[BlackElo "2441"]
[PlyCount "110"]
[EventDate "2015.10.10"]
[EventType "rapid"]

1. d4 c5 2. d5 Nf6 3. c4 g6 4. Nc3 Bg7 5. e4 O-O 6. Nf3 d6 7. Bd3 e5 8. O-O Ne8
9. Ne1 f5 10. f4 exf4 11. Bxf4 g5 12. Bd2 f4 13. e5 Bxe5 14. Qc2 Qe7 15. Nf3
Nd7 16. Rae1 Qg7 17. Bf5 Nef6 18. Nb5 Nb6 19. Bxc8 Nxc8 20. Nxe5 dxe5 21. Rxe5
a6 22. Nc7 Ng4 23. Rxg5 Qxg5 24. Nxa8 Qe5 25. Qc3 Qxc3 26. Bxc3 Ne3 27. Re1
Nxc4 28. Nc7 N8d6 29. Ne6 Rf5 30. Nxc5 Rxd5 31. Nd7 Kf7 32. Nf6 Rb5 33. b3 Ne3
34. g3 Nd5 35. Nxd5 Rxd5 36. gxf4 Rd3 37. Be5 Nf5 38. Rc1 Ke6 39. Rc2 h5 40.
Kf2 Rh3 41. Kg2 Re3 42. Rd2 h4 43. Kf2 Rh3 44. Kg2 Re3 45. Kf2 Rh3 46. Ke1 Ne3
47. Bd4 Ng4 48. Kf1 Kf5 49. Bg1 Rc3 50. Rd7 Rc1+ 51. Kg2 h3+ 52. Kxh3 Rxg1 53.
Rf7+ Kg6 54. Rxb7 Nf2+ 55. Kh4 Rg4# 0-1

[Event "World Rapid 2015"]
[Site "Berlin GER"]
[Date "2015.10.11"]
[Round "9.68"]
[White "Naumann, Alexander"]
[Black "Przybylski, Wojciech"]
[Result "1/2-1/2"]
[WhiteElo "2545"]
[BlackElo "2354"]
[PlyCount "150"]
[EventDate "2015.10.10"]
[EventType "rapid"]

1. d4 d5 2. c4 c6 3. Nf3 Nf6 4. Nc3 e6 5. Bg5 h6 6. Bxf6 Qxf6 7. e3 Nd7 8. Bd3
g6 9. O-O Bg7 10. Re1 O-O 11. e4 dxe4 12. Nxe4 Qe7 13. c5 b6 14. Qc2 bxc5 15.
dxc5 Rd8 16. Rac1 Nf6 17. Nd6 Ne8 18. Nxe8 Rxe8 19. Ne5 Qc7 20. Nc4 Re7 21. Nd6
e5 22. Bc4 Be6 23. Bxe6 Rxe6 24. b4 a5 25. a3 axb4 26. axb4 Rb8 27. Qc4 Bf8 28.
Ne4 Qb7 29. Rb1 Qb5 30. Qc3 Qb7 31. Red1 Qc7 32. Rd3 Rd8 33. Rbd1 Rxd3 34. Qxd3
Be7 35. Qd7 Qxd7 36. Rxd7 f5 37. Nd2 e4 38. Nc4 Bf6 39. Na5 Bc3 40. Rb7 f4 41.
Kf1 e3 42. Ke2 exf2+ 43. Kxf2 g5 44. Rb6 g4 45. Nxc6 Re4 46. Rb7 Be1+ 47. Kf1
g3 48. hxg3 Bxg3 49. Re7 Rc4 50. Ke2 Rc2+ 51. Kf3 Rf2+ 52. Kg4 Rxg2 53. b5 h5+
54. Kf3 Rf2+ 55. Ke4 Re2+ 56. Kd3 Rb2 57. Nd4 Kf8 58. Re2 Rb1 59. c6 f3 60.
Nxf3 Rxb5 61. Nd4 Rb8 62. Nf5 Rc8 63. Nxg3 Rxc6 64. Nxh5 Ra6 65. Nf4 Kf7 66.
Rh2 Ra1 67. Ke4 Ke7 68. Ke5 Re1+ 69. Ne2 Kd7 70. Kd5 Rd1+ 71. Nd4 Ke7 72. Rf2
Rh1 73. Nc6+ Ke8 74. Rf6 Rd1+ 75. Ke6 Rd6+ 1/2-1/2

[Event "World Rapid 2015"]
[Site "Berlin GER"]
[Date "2015.10.11"]
[Round "9.69"]
[White "Richter, Michael"]
[Black "Ghaem Maghami, Ehsan"]
[Result "0-1"]
[WhiteElo "2517"]
[BlackElo "2596"]
[PlyCount "84"]
[EventDate "2015.10.10"]
[EventType "rapid"]

1. d4 Nf6 2. c4 e6 3. Nc3 Bb4 4. f3 c5 5. d5 O-O 6. e4 Re8 7. Nge2 d6 8. Bf4
exd5 9. cxd5 Nh5 10. Bd2 Nd7 11. Qc2 Ne5 12. O-O-O Nc4 13. g4 Nxd2 14. Qxd2 Nf6
15. Ng3 a6 16. Nf5 b5 17. Rg1 Kh8 18. Kb1 c4 19. Rg3 Rb8 20. Rh3 Bxf5 21. gxf5
Qe7 22. Rg3 Nh5 23. Rh3 Nf6 24. Rg3 Nd7 25. Be2 Qf6 26. Rdg1 Rg8 27. Qc2 g6 28.
fxg6 fxg6 29. Nd1 Ne5 30. Ne3 Bc5 31. f4 Qxf4 32. Rf1 Qh6 33. Ng4 Qg7 34. Nxe5
Qxe5 35. Bg4 Rgf8 36. Rgf3 Rxf3 37. Rxf3 Kg7 38. Qe2 Rf8 39. Rxf8 Kxf8 40. Qf3+
Kg7 41. Bc8 Qxh2 42. Bxa6 Bd4 0-1

[Event "World Rapid 2015"]
[Site "Berlin GER"]
[Date "2015.10.11"]
[Round "9.70"]
[White "Godena, Michele"]
[Black "Carstensen, Jacob"]
[Result "1/2-1/2"]
[WhiteElo "2513"]
[BlackElo "2352"]
[PlyCount "121"]
[EventDate "2015.10.10"]
[EventType "rapid"]

1. e4 e5 2. Nf3 Nf6 3. Nc3 Nc6 4. d4 exd4 5. Nxd4 Bb4 6. Nxc6 bxc6 7. Bd3 d6 8.
h3 O-O 9. O-O Qe7 10. Qf3 Bxc3 11. bxc3 Nd7 12. Qg3 Nc5 13. Re1 f6 14. Ba3 Nxd3
15. cxd3 Ba6 16. d4 Qf7 17. e5 Rfe8 18. exd6 cxd6 19. Bxd6 Rxe1+ 20. Rxe1 Re8
21. Rxe8+ Qxe8 22. Bc5 Bc4 23. a4 a6 24. Kh2 h6 25. f3 Bb3 26. a5 Bc4 27. Qc7
Qe6 28. Bd6 Bb5 29. Qb8+ Kh7 30. Bf8 Qf7 31. Qd8 Bc4 32. Qd6 Kg8 33. Be7 Qe6
34. Qd8+ Kh7 35. Bf8 Qf7 36. Kg1 Bb5 37. h4 Kg8 38. Be7+ Kh7 39. Bf8 Kg8 40.
Bd6+ Kh7 41. Kh2 Qh5 42. Bg3 Qd5 43. Qe7 Bf1 44. Kg1 Bd3 45. Bf4 Qxa5 46. Bxh6
Kxh6 47. Qe3+ g5 48. hxg5+ Qxg5 49. Qxd3 a5 50. c4 a4 51. Qa3 Qd2 52. Qf8+ Kg6
53. Qg8+ Kh6 54. Qh8+ Kg6 55. Qe8+ Kh6 56. Qf8+ Kg6 57. Qe8+ Kh6 58. Qf8+ Kg6
59. Qg8+ Kh6 60. Qf8+ Kg6 61. Qg8+ 1/2-1/2

[Event "World Rapid 2015"]
[Site "Berlin GER"]
[Date "2015.10.11"]
[Round "9.71"]
[White "Handke, Florian"]
[Black "Carlstedt, Jonathan"]
[Result "1-0"]
[WhiteElo "2531"]
[BlackElo "2442"]
[PlyCount "103"]
[EventDate "2015.10.10"]
[EventType "rapid"]

1. d4 d5 2. Nf3 e6 3. c4 c5 4. cxd5 exd5 5. g3 Nf6 6. Bg2 Be7 7. O-O O-O 8.
dxc5 Bxc5 9. a3 a5 10. Bg5 Nc6 11. Nc3 d4 12. Bxf6 Qxf6 13. Nd5 Qf5 14. Nd2 Rd8
15. Nf4 Bd6 16. Nd3 Be6 17. Rc1 Rab8 18. Ne4 Be7 19. Nec5 Bd5 20. Bxd5 Rxd5 21.
Na4 Bd6 22. Nb6 Rb5 23. Nc4 Bc7 24. f3 h5 25. Kg2 Re8 26. Rf2 h4 27. g4 h3+ 28.
Kh1 Qg5 29. a4 Rd5 30. Nd2 Bf4 31. Ne4 Rxe4 32. fxe4 Bxc1 33. exd5 Qxd5+ 34.
Rf3 Bg5 35. Qf1 Qe4 36. Nf2 Qd5 37. Nxh3 Be3 38. Qg2 Qb3 39. Rf1 Ne5 40. Qe4 f6
41. g5 Qxb2 42. Qg2 Kf7 43. gxf6 gxf6 44. Ng5+ Ke7 45. Ne4 d3 46. Qg7+ Nf7 47.
exd3 Bd4 48. Ng5 fxg5 49. Rxf7+ Kd6 50. Rd7+ Kc5 51. Qe7+ Kc6 52. Qd6# 1-0

[Event "World Rapid 2015"]
[Site "Berlin GER"]
[Date "2015.10.11"]
[Round "9.72"]
[White "Sethuraman, S.P."]
[Black "Rasmussen, Allan Stig"]
[Result "1-0"]
[WhiteElo "2640"]
[BlackElo "2498"]
[PlyCount "71"]
[EventDate "2015.10.10"]
[EventType "rapid"]

1. d4 d5 2. Nc3 Nf6 3. Bf4 a6 4. e3 c5 5. dxc5 Qa5 6. Qd2 e6 7. a3 Bxc5 8. Bd3
Nc6 9. Nf3 Nh5 10. O-O Be7 11. b4 Qd8 12. Ne2 Bf6 13. Nfd4 Nxf4 14. Nxf4 Nxd4
15. exd4 Bxd4 16. Rae1 Bf6 17. Nh5 Bd7 18. Qf4 Bc3 19. Re3 Rc8 20. Qg3 g6 21.
Nf4 Bd4 22. Re2 O-O 23. h4 Rc3 24. h5 Qf6 25. h6 g5 26. Nh3 Qxh6 27. Nxg5 Kh8
28. Qf4 Qg7 29. Nxh7 Re8 30. Qh4 Kg8 31. Re3 Bxe3 32. Nf6+ Kf8 33. Nxd7+ Kg8
34. Nf6+ Kf8 35. fxe3 Re7 36. Rf3 1-0

[Event "World Rapid 2015"]
[Site "Berlin GER"]
[Date "2015.10.11"]
[Round "9.74"]
[White "Camacho Collados, Jose"]
[Black "Sanal, Vahap"]
[Result "0-1"]
[WhiteElo "2383"]
[BlackElo "2501"]
[PlyCount "96"]
[EventDate "2015.10.10"]
[EventType "rapid"]

1. Nf3 Nf6 2. g3 g6 3. Bg2 Bg7 4. d4 O-O 5. O-O d6 6. a4 Nbd7 7. a5 e5 8. a6 e4
9. Nfd2 Re8 10. Nc3 d5 11. axb7 Bxb7 12. Nb3 Nb6 13. Na5 Bc8 14. Nc6 Qd7 15.
Ne5 Qe7 16. f3 c5 17. Be3 Nh5 18. dxc5 Qxe5 19. f4 Qf6 20. cxb6 d4 21. Nd5 Qc6
22. Nc7 dxe3 23. Nxe8 Qxe8 24. Qd5 Bf5 25. Rxa7 Rb8 26. b7 Nf6 27. Qd6 Nd7 28.
Rd1 Bf8 29. Qc7 Bc5 30. Ra6 Bg4 31. Rxd7 Bxd7 32. Qxb8 Qxb8 33. Ra8 Bd6 34.
Bxe4 f5 35. Bd5+ Kg7 36. Rxb8 Bxb8 37. c4 Kf6 38. c5 Bb5 39. Bf3 Ke6 40. g4
fxg4 41. Bxg4+ Kd5 42. Kg2 Kxc5 43. Kf3 Kd4 44. Bc8 Bc6+ 45. Kg4 h5+ 46. Kg5
Bf3 47. Bd7 Bxe2 48. Kxg6 Bd3+ 0-1

[Event "World Rapid 2015"]
[Site "Berlin GER"]
[Date "2015.10.11"]
[Round "9.76"]
[White "Cordeiro, Marco Aurelio Zaror"]
[Black "Petursson, Margeir"]
[Result "1/2-1/2"]
[WhiteElo "2228"]
[BlackElo "2520"]
[PlyCount "79"]
[EventDate "2015.10.10"]
[EventType "rapid"]

1. e4 c5 2. Nc3 Nc6 3. f4 g6 4. Nf3 Bg7 5. Bb5 Nd4 6. O-O Nxb5 7. Nxb5 Nf6 8.
Nc3 O-O 9. e5 Ne8 10. d4 cxd4 11. Qxd4 d6 12. Be3 Bf5 13. Qa4 dxe5 14. Nxe5 Nf6
15. Rad1 Qe8 16. Qb3 Nd7 17. Nd5 Nxe5 18. fxe5 Be6 19. Qxb7 Rb8 20. Qxa7 Rxb2
21. c4 Qa8 22. Qd4 Qxa2 23. Rf2 Rxf2 24. Bxf2 Kh8 25. Bh4 Rb8 26. Bxe7 Qe2 27.
Nf4 Qxe5 28. Qxe5 Bxe5 29. Nxe6 fxe6 30. Rd8+ Rxd8 31. Bxd8 Kg7 32. h3 Kf7 33.
Kf2 Ke8 34. Bb6 Kd7 35. Ke3 Bh2 36. Ke4 Kc6 37. Be3 Bc7 38. Bf4 Ba5 39. Be3 Bc7
40. Bf4 1/2-1/2

[Event "World Rapid 2015"]
[Site "Berlin GER"]
[Date "2015.10.11"]
[Round "9.77"]
[White "Thornton, Giovanni Antonio"]
[Black "Thiede, Lars"]
[Result "1/2-1/2"]
[WhiteElo "2207"]
[BlackElo "2437"]
[PlyCount "150"]
[EventDate "2015.10.10"]
[EventType "rapid"]

1. c4 Nf6 2. Nc3 g6 3. g3 Bg7 4. Bg2 O-O 5. Nf3 d6 6. d4 Nbd7 7. O-O e5 8. h3
Re8 9. Be3 exd4 10. Bxd4 a6 11. Rc1 Nf8 12. b3 c5 13. Be3 Ne6 14. Qd2 Qc7 15.
g4 Rb8 16. Rcd1 Rd8 17. g5 Nh5 18. Nd5 Qd7 19. Nh2 Nd4 20. Ng4 Nf5 21. Bf4 Qe6
22. Bh2 Bd7 23. Nc7 Qe7 24. Nd5 Qf8 25. Be4 Be6 26. Nc7 Qe7 27. Nd5 Bxd5 28.
Bxd5 b5 29. e4 Nd4 30. f4 bxc4 31. bxc4 Rb6 32. e5 Rdb8 33. Nf6+ Bxf6 34. gxf6
Qd7 35. f5 Rb2 36. Qg5 Nxf5 37. e6 fxe6 38. Rxf5 exd5 39. f7+ Kg7 40. Rdf1 Rf8
41. Qc1 Rxh2 42. Kxh2 gxf5 43. Qg5+ Kh8 44. Qxh5 d4 45. Rxf5 Qe6 46. Qf3 Kg7
47. Qg4+ Kh8 48. Qf3 Qg6 49. Rf6 Qc2+ 50. Kg3 Qxc4 51. Qf4 Qd3+ 52. Kh4 Qe3 53.
Qxd6 Kg7 54. Rf4 Qe1+ 55. Kh5 Rxf7 56. Qh6+ Kg8 57. Qg5+ Kf8 58. Qxc5+ Qe7 59.
Qc8+ Qe8 60. Qc5+ Kg8 61. Qd5 Qe2+ 62. Kh6 Qe7 63. Qa8+ Qf8+ 64. Qxf8+ Kxf8 65.
Rxd4 Ra7 66. Rd8+ Ke7 67. Rh8 Kf6 68. Rxh7 Ra8 69. Kh5 a5 70. Kg4 Ke5 71. Re7+
Kd4 72. h4 Rg8+ 73. Kf5 Rg2 74. h5 Rxa2 75. h6 Rh2 1/2-1/2

[Event "World Rapid 2015"]
[Site "Berlin GER"]
[Date "2015.10.11"]
[Round "9.78"]
[White "Osmanodja, Filiz"]
[Black "Zepeda, Lorena"]
[Result "0-1"]
[WhiteElo "2291"]
[BlackElo "2106"]
[PlyCount "66"]
[EventDate "2015.10.10"]
[EventType "rapid"]

1. e4 c5 2. Nf3 d6 3. d4 cxd4 4. Nxd4 Nf6 5. Nc3 a6 6. Be3 e5 7. Nf3 Be7 8. Bc4
O-O 9. O-O h6 10. Bb3 Be6 11. Nh4 Bxb3 12. axb3 Re8 13. Nf5 Bf8 14. Qf3 Kh7 15.
Rfd1 g6 16. Bxh6 Bxh6 17. Rxd6 Nbd7 18. Rad1 gxf5 19. Qxf5+ Kg8 20. Nd5 Nxd5
21. Rxh6 N5f6 22. Qg5+ Kf8 23. h4 Ng8 24. Qh5 Nxh6 25. Qxh6+ Kg8 26. Rd3 Re6
27. Rg3+ Rg6 28. Rxg6+ fxg6 29. Qxg6+ Kf8 30. Qh6+ Ke7 31. h5 Qg8 32. f3 Nf6
33. Kh2 Qh7 0-1

[Event "World Rapid 2015"]
[Site "Berlin GER"]
[Date "2015.10.11"]
[Round "9.79"]
[White "Hilverda, Alexander"]
[Black "Choukri, Adel"]
[Result "0-1"]
[WhiteElo "2384"]
[BlackElo "2199"]
[PlyCount "120"]
[EventDate "2015.10.10"]
[EventType "rapid"]

1. d4 Nf6 2. c4 g6 3. Nc3 Bg7 4. e4 d6 5. Nf3 O-O 6. Be2 e5 7. O-O Nc6 8. d5
Ne7 9. b4 a5 10. Ba3 axb4 11. Bxb4 b6 12. a4 Re8 13. Re1 Bf8 14. Bf1 c5 15. Ba3
Bg7 16. Bc1 Rf8 17. Re2 Ne8 18. Rea2 h6 19. Nd2 f5 20. Nb3 fxe4 21. Nxe4 Nf5
22. a5 Qh4 23. g3 Qd8 24. axb6 Rxa2 25. b7 Bxb7 26. Rxa2 Nd4 27. Nxd4 exd4 28.
Bh3 Nf6 29. Be6+ Kh7 30. Qd3 Nxe4 31. Qxe4 Qb6 32. Rb2 Qa6 33. h4 Qxc4 34. Rc2
Qa4 35. h5 Qe8 36. Bf4 Be5 37. hxg6+ Qxg6 38. Qxg6+ Kxg6 39. Bxe5 dxe5 40. Rxc5
Rd8 41. Rb5 Ba8 42. Kf1 Kf6 43. f3 e4 44. fxe4 Ke5 45. Bf5 d3 46. Ke1 Rg8 47.
g4 h5 48. gxh5 Kd4 49. Kf2 d2 50. Rb1 Kc3 51. Ke3 Rg3+ 52. Ke2 Rg2+ 53. Kf3 Rh2
54. Bg6 Kc2 55. e5+ Kc3 56. Be4 Rxh5 57. d6 Rf5+ 58. Kg4 Bxe4 59. d7 Rf8 60. e6
Bxb1 0-1

[Event "World Rapid 2015"]
[Site "Berlin GER"]
[Date "2015.10.11"]
[Round "10.20"]
[White "Bartel, Mateusz"]
[Black "Guseinov, Gadir"]
[Result "1/2-1/2"]
[WhiteElo "2622"]
[BlackElo "2634"]
[PlyCount "89"]
[EventDate "2015.10.10"]
[EventType "rapid"]

1. e4 c5 2. Nf3 g6 3. d4 cxd4 4. Qxd4 Nf6 5. Bb5 a6 6. Ba4 b5 7. Bb3 Nc6 8. Qd3
Bg7 9. Nc3 O-O 10. Nd5 d6 11. Nxf6+ Bxf6 12. c3 Na5 13. Bh6 Nxb3 14. axb3 Re8
15. O-O Be6 16. Nd4 Bd7 17. b4 e5 18. Nc2 Bc6 19. Rfd1 Re6 20. Ne3 Bg5 21. Bxg5
Qxg5 22. Nd5 Qd8 23. b3 Bb7 24. c4 bxc4 25. bxc4 Rc8 26. Rdc1 Kg7 27. g3 Qg5
28. h4 Qg4 29. b5 axb5 30. cxb5 Rxc1+ 31. Rxc1 Bxd5 32. exd5 Rf6 33. Rc4 Qd7
34. Rb4 Qc8 35. Qd2 Qc5 36. Rb3 Qc4 37. Rb1 Rf3 38. b6 Rb3 39. Qd1 Rb4 40. h5
Qb5 41. h6+ Kf8 42. Rxb4 Qxb4 43. Qf3 Qxb6 44. Qf6 Ke8 45. Qh8+ 1/2-1/2

[Event "World Rapid 2015"]
[Site "Berlin GER"]
[Date "2015.10.11"]
[Round "10.25"]
[White "Ganguly, Surya Shekhar"]
[Black "Almasi, Zoltan"]
[Result "0-1"]
[WhiteElo "2652"]
[BlackElo "2689"]
[PlyCount "90"]
[EventDate "2015.10.10"]
[EventType "rapid"]

1. e4 e5 2. Nf3 Nc6 3. Bc4 Bc5 4. O-O Nf6 5. d3 d6 6. c3 O-O 7. h3 h6 8. Re1
Be6 9. Nbd2 a6 10. b4 Ba7 11. Qc2 Qd7 12. Nf1 Bxc4 13. dxc4 Qe6 14. Qe2 Nh5 15.
Ne3 Nf4 16. Qf1 Ne7 17. Nd5 Nexd5 18. cxd5 Qf6 19. Be3 Nxh3+ 20. gxh3 Qxf3 21.
Bxa7 Rxa7 22. Re3 Qh5 23. Rg3 Kh7 24. Qc4 b6 25. Kh2 f5 26. Rag1 g5 27. exf5
Rxf5 28. R1g2 Rf4 29. Qc6 Qf7 30. Kg1 a5 31. b5 a4 32. a3 Qf5 33. Qe8 Qf7 34.
Qc6 Ra5 35. Re3 Qe7 36. Rgg3 Qd8 37. Rgf3 Ra8 38. Rg3 Rc8 39. Qb7 Rb8 40. Qc6
Qe7 41. c4 Rbf8 42. Re2 Qf7 43. Rg2 Rf3 44. h4 gxh4 45. c5 Rc3 0-1